La visita de Osito / (Registro nro. 11884)

Detalles MARC
000 -LIDER
fixed length control field 01015nam a22003137a 4500
001 - NÚMERO DE CONTROL
Identificador de número de control 000675
003 - IDENTIFICACDOR DE NÚMERO DE CONTROL
control field DO-SdBNP
005 - DATE AND TIME OF LATEST TRANSACTION
control field 20180213153058.0
007 - CAMPOS FIJOS DE DESCRIPCIÓN FÍSICA
fixed length control field 000675
008 - ELEMENTOS DE LONGITUD FIJA
fixed length control field 161110b 2004 mx a ||||| |||| 00| 0 spa d
020 ## - ISBN
International Standard Book Number 9681906233
040 ## - FUENTE DE CATALOGACIÓN
Agencia que crea de manera original el registro BPMSU
Idioma de catalogación spa
Agencia que realiza la transcripción BPMSU
082 ## - NÚMERO DE CLASIFICACIÓN DECIMAL DE DEWEY
Classification number xxxx
Item number xxxx
100 1# - ASIENTO PRINCIPAL -- NOMBRE PERSONAL
Nombre personal Holmelund Minarik, Else
240 1# - TITULO UNIFORME
Título uniforme Little Bear's visit.
Idioma de una obra Español
245 10 - MENCIÓN DE TITULO
Título La visita de Osito /
Mención de responsabilidad Else Holmelund Minarik ; ilustraciones de Maurice Sendak ; traducción, María Puncel.
250 ## - MENCIÓN DE EDICION
Mención de edición 4ª reimp.
260 ## - PUBLICACIÓN, DISTRIBUCIÓN, ETC. (PIE DE IMPRENTA)
Lugar de publicación, distribución, etc Maéxico :
Nombre del editor, distribuidor, etc. Alfaguara,
Fecha de publicación, distribución, etc 2004.
Impresor 2006.
300 ## - DESCRIPCIÓN FÍSICA
Extensión 63 p. :
Otros detalles físicos il. ;
Dimensiones 19 cm.
490 1# - MENCIÓN DE SERIES
Mención de serie Infantil Alfaguara
Campo enlazado y núm. de secuencia amarilla
500 ## - NOTA GENERAL
Nota general Para niños a partir de los 6 años.
500 ## - NOTA GENERAL
Nota general Cuarta reimpresión: abril de 2006
700 12 - ASIENTO SECUNDARIO -- NOMBRE PERSONAL
Nombre personal Sendak, Maurice,
Mención de responsabilidad il.
700 12 - ASIENTO SECUNDARIO -- NOMBRE PERSONAL
Nombre personal Puncel, María,
Mención de responsabilidad tr.
830 #0 - ASIENTO SECUNDARIO DE SERIE--TÍTULO UNIFORME
Título uniforme Infantil Alfaguara
Información miscelánea amarilla
942 ## - ADDED ENTRY ELEMENTS (KOHA)
Source of classification or shelving scheme Dewey Decimal Classification
Koha item type Libros
945 ## - INFORMACIÓN DE PROCESAMIENTO LOCAL
Información de procesamiento local Inventariado, 2018/ YL
956 ## - LOCAL ELECTRONIC LOCATION AND ACCESS (OCLC)
Método de acceso LOPEREZ
Materiales especificados 10
Enlace 20161110
Campo enlazado y núm. de secuencia BPMSU
Nombre de host 00041
Existencias
Withdrawn status Lost status Source of classification or shelving scheme Damaged status Not for loan Collection code Home library Current library Date acquired Source of acquisition Total Checkouts Full call number Barcode Date last seen Price effective from Koha item type Copy number
    Dewey Decimal Classification     Colección Infantil General Biblioteca Pública Metropolitana Salomé Ureña Biblioteca Pública Metropolitana Salomé Ureña 11/10/2016 Alfaguara   xxxx xxxx BPMSU16111157 11/10/2016 11/10/2016 Libros  
    Dewey Decimal Classification     Colección Infantil General Biblioteca Pública Metropolitana Salomé Ureña Biblioteca Pública Metropolitana Salomé Ureña 11/10/2016 Alfaguara   xxxx xxxx BPMSU16111158 11/10/2016 11/10/2016 Libros ej. 2
    Dewey Decimal Classification     Colección Infantil General Biblioteca Pública Metropolitana Salomé Ureña Biblioteca Pública Metropolitana Salomé Ureña 11/10/2016 Alfaguara   xxxx xxxx BPMSU16111159 11/10/2016 11/10/2016 Libros ej. 3